000 00197 a2200097 4500
020 _a9788483002469
041 _aspa
100 _aJORDI SIERRA
245 _aCUBA LA NOCHE DE LA JINETERA
942 _cBK
999 _c1507
_d1507